[Event "World Blitz Women 2025"]
[Site "Doha QAT"]
[Date "2025.12.29"]
[Round "9.26"]
[White "Munkhzul, Turmunkh"]
[Black "Jiang, Tianyu"]
[Result "0-1"]
[WhiteTitle "WGM"]
[WhiteElo "2271"]
[BlackElo "2224"]
[WhiteFideId "4901878"]
[BlackFideId "8627215"]
[EventDate "2025.12.29"]

1. e4 c5 2. Nf3 e6 3. d4 cxd4 4. Nxd4 a6 5. Bd3 Nf6 6. O-O Qc7 7. Qe2 d6 8. c4
Nbd7 9. Nc3 Ne5 10. Rd1 Be7 11. f3 Bd7 12. Be3 Nxd3 13. Qxd3 Rc8 14. b3 b5 15.
Rac1 bxc4 16. Qe2 O-O 17. bxc4 Rfe8 18. Nb1 Qa5 19. Nb3 Qh5 20. Nc3 h6 21. Bf4
e5 22. Be3 Be6 23. Nd5 Bxd5 24. cxd5 Rxc1 25. Nxc1 Ra8 26. Rd2 Ne8 27. Rc2 f5
28. Rc6 fxe4 29. fxe4 Qg6 30. Bf2 Nf6 31. Rc4 Ng4 32. Be1 Bd8 33. Rc6 a5 34. Nd3
Qg5 35. Bd2 Qh4 36. h3 Nf6 37. Nf2 Be7 38. a4 Rb8 39. Bxa5 Rb1+ 40. Be1 Nxe4 41.
Rc8+ Bf8 42. Rc4 Ng3 43. Rxh4 Nxe2+ 44. Kf1 Ng3+ 45. Kg1 Rxe1+ 46. Kh2 Nf1+ 47.
Kg1 Ne3+ 48. Kh2 Nxd5 49. Nd3 Ra1 50. Rc4 Nf6 51. Rc8 Kf7 52. Ra8 e4 53. Nf4 g5
54. Ne2 d5 55. Ra7+ Kg6 56. Nc3 Bd6+ 57. g3 d4 58. Nb5 d3 59. Ra6 Be5 0-1

[Event "World Blitz Women 2025"]
[Site "Doha QAT"]
[Date "2025.12.29"]
[Round "9.27"]
[White "Badelka, Olga"]
[Black "Zhu, Chen"]
[Result "1-0"]
[WhiteTitle "IM"]
[BlackTitle "GM"]
[WhiteElo "2395"]
[BlackElo "2423"]
[WhiteFideId "13509926"]
[BlackFideId "8600546"]
[EventDate "2025.12.29"]

1. d4 d5 2. Bf4 c5 3. e4 cxd4 4. Qxd4 e6 5. Bxb8 Rxb8 6. Bb5+ Bd7 7. Bxd7+ Qxd7
8. Qxa7 Rc8 9. Nf3 Bc5 10. Qa5 dxe4 11. Ne5 Qd4 12. Qb5+ Ke7 13. Qxb7+ Kf6 14.
Ng4+ Kg6 15. c3 Qd3 16. Ne5+ 1-0

[Event "World Blitz Women 2025"]
[Site "Doha QAT"]
[Date "2025.12.29"]
[Round "9.28"]
[White "Girya, Olga"]
[Black "Kamalidenova, Meruert"]
[Result "0-1"]
[WhiteTitle "GM"]
[BlackTitle "IM"]
[WhiteElo "2398"]
[BlackElo "2366"]
[WhiteFideId "4195752"]
[BlackFideId "13712802"]
[EventDate "2025.12.29"]

1. d4 Nf6 2. c4 g6 3. Nc3 Bg7 4. e4 d6 5. Nf3 O-O 6. Be2 e5 7. Be3 a5 8. O-O Bg4
9. dxe5 Bxf3 10. Bxf3 dxe5 11. Qxd8 Rxd8 12. Nd5 Nxd5 13. cxd5 Bf8 14. Rac1 Bd6
15. Be2 Nd7 16. a3 Kg7 17. f3 b6 18. Bb5 Nc5 19. Rc4 f5 20. exf5 gxf5 21. Bc6
Rab8 22. b4 Nd3 23. Rc3 Nf4 24. Bxf4 exf4 25. bxa5 bxa5 26. Re1 Rb2 27. Rec1
Rdb8 28. a4 Be5 29. R3c2 R2b3 30. h4 Kf6 0-1

[Event "World Blitz Women 2025"]
[Site "Doha QAT"]
[Date "2025.12.29"]
[Round "9.29"]
[White "Berend, Elvira"]
[Black "Kaliakhmet, Elnaz"]
[Result "0-1"]
[WhiteTitle "WGM"]
[BlackTitle "WIM"]
[WhiteElo "2265"]
[BlackElo "2329"]
[WhiteFideId "4000510"]
[BlackFideId "13730169"]
[EventDate "2025.12.29"]

1. e4 e5 2. Nf3 Nc6 3. Bc4 Nf6 4. d3 d5 5. exd5 Nxd5 6. h3 Bf5 7. O-O Qd7 8. Re1
f6 9. d4 Nb6 10. Bb5 O-O-O 11. c3 a6 12. Bxc6 Qxc6 13. Be3 g5 14. Nfd2 exd4 15.
Bxd4 Bc5 16. Qf3 Qxf3 17. Nxf3 Bxd4 18. Nxd4 Bg6 19. Na3 Rhe8 20. f3 Na4 21.
Rxe8 Rxe8 22. Nc4 b5 23. Na5 Nxb2 24. Nac6 Na4 25. Rc1 Nb2 26. Ra1 Kb7 27. Kf2
Nd3+ 28. Kg3 h5 29. h4 Bf7 30. a4 Bd5 31. axb5 axb5 32. Nb4 Nxb4 33. cxb4 c6 34.
Rh1 Rg8 35. hxg5 Rxg5+ 36. Kf2 Kb6 37. Ne2 Bf7 38. Nf4 c5 39. bxc5+ Rxc5 40. Re1
b4 41. Re7 Rc7 42. Re4 b3 43. Ke3 Kb5 44. Nd3 Bc4 45. Nb2 Bf1 46. Nd1 Bxg2 47.
Re8 Bf1 48. Rb8+ Kc4 49. Kd2 Rd7+ 50. Ke1 Bd3 51. Rc8+ Kd4 52. Rh8 Re7+ 53. Kf2
Re2+ 54. Kg3 b2 55. Rd8+ Kc4 56. Rc8+ Kd4 57. Rd8+ Kc4 58. Rc8+ Kb4 59. Rb8+ Bb5
60. Nxb2 Rxb2 61. Rh8 Bd3 62. Rxh5 f5 63. Kf4 Kc5 64. Rh8 Bb1 65. Rc8+ Kd6 66.
Rd8+ Ke7 67. Rd1 Rb4+ 68. Kg5 Rb3 69. Kf4 Ke6 70. Rc1 Rb4+ 71. Kg5 Ke5 72. Re1+
Kd4 73. Re8 Rb5 74. Kf4 Kc3 75. Rc8+ Kd2 76. Re8 Bd3 77. Kg5 Rb7 78. Kf4 Rh7 79.
Kg5 Rh1 80. Kf4 Re1 81. Rd8 Ke2 82. Ra8 Rc1 83. Ra3 Rc4+ 84. Kg5 Rd4 85. f4 Ke3
86. Rb3 Rd7 87. Ra3 Rd8 88. Rb3 Rg8+ 89. Kf6 Rf8+ 90. Kg5 Rd8 91. Ra3 Ke2 92.
Rb3 Be4 93. Ra3 Rd3 94. Ra1 Rg3+ 95. Kf6 Ke3 96. Ke5 Rg8 97. Re1+ Kf2 98. Ra1
Re8+ 99. Kf6 Ke3 100. Rf1 Rh8 101. Kg5 Rg8+ 102. Kf6 Rg4 103. Ke5 Rh4 104. Re1+
Kf2 105. Ra1 Rh8 106. Ra2+ Kg3 107. Ra3+ Kg4 108. Ra1 Re8+ 109. Kd4 Kxf4 110.
Re1 Rd8+ 111. Kc3 Ke5 0-1

[Event "World Blitz Women 2025"]
[Site "Doha QAT"]
[Date "2025.12.29"]
[Round "9.30"]
[White "Tokhirjonova, Gulrukhbegim"]
[Black "Yu, Jennifer"]
[Result "1/2-1/2"]
[WhiteTitle "IM"]
[BlackTitle "FM"]
[WhiteElo "2372"]
[BlackElo "2276"]
[WhiteFideId "14203626"]
[BlackFideId "2078341"]
[EventDate "2025.12.29"]

1. e4 g6 2. d4 Bg7 3. Nc3 d6 4. Nf3 Nf6 5. Be2 O-O 6. Be3 a6 7. a4 b6 8. O-O Bb7
9. Nd2 e5 10. dxe5 dxe5 11. f3 Nbd7 12. Nc4 Qe7 13. Bf2 Rad8 14. Qc1 Nh5 15. Be3
f5 16. exf5 gxf5 17. Bg5 Ndf6 18. Qe3 h6 19. Bxh6 f4 20. Qxe5 Qxe5 21. Nxe5 Bxh6
22. Bc4+ Kg7 23. Rfe1 Rd2 24. Bd3 Bg5 25. Nc4 Rxd3 26. cxd3 Nd5 27. Nxd5 Bxd5
28. Re5 Bxc4 29. Rxg5+ Kh6 30. Rxh5+ Kxh5 31. dxc4 Rd8 32. a5 Rd2 33. axb6 cxb6
34. b3 Rb2 35. Rxa6 Rxb3 36. h3 Kh4 37. Kh2 Rb4 38. Ra8 Rxc4 39. Rh8+ Kg5 40.
Rg8+ Kf5 41. h4 Rc7 42. Rb8 Rc6 43. Kh3 Rg6 44. Rf8+ Ke5 45. h5 Rg3+ 46. Kh4
Rxg2 47. h6 b5 48. Kh5 b4 49. h7 Rh2+ 50. Kg6 Kd4 51. h8=Q+ Rxh8 52. Rxh8 Ke3
53. Rb8 1/2-1/2

[Event "World Blitz Women 2025"]
[Site "Doha QAT"]
[Date "2025.12.29"]
[Round "9.31"]
[White "Gong, Qianyun"]
[Black "Bulmaga, Irina"]
[Result "0-1"]
[WhiteTitle "WGM"]
[BlackTitle "IM"]
[WhiteElo "2228"]
[BlackElo "2389"]
[WhiteFideId "8602425"]
[BlackFideId "13903063"]
[EventDate "2025.12.29"]

1. e4 e5 2. Nf3 Nc6 3. Bc4 Bc5 4. d3 Nf6 5. Bg5 h6 6. Bh4 d6 7. c3 a5 8. Nbd2
Ba7 9. a3 Qe7 10. b4 Bd7 11. O-O g5 12. Bg3 Rg8 13. b5 Nd8 14. d4 exd4 15. e5
dxe5 16. Nxe5 Ne6 17. cxd4 Bxd4 18. Rc1 Bb6 19. Nxd7 Nxd7 20. Bxe6 fxe6 21. Nc4
O-O-O 22. Qf3 Nc5 23. Qc3 Rgf8 24. Rfe1 Rd5 25. Nxa5 Nd3 26. Nc4 Bd4 27. Qa5
Nxe1 28. Ne3 Rc5 29. Rxe1 Bxe3 30. fxe3 Kb8 31. e4 b6 32. Qa4 e5 33. Bf2 Rc3 34.
Qd1 Qf6 35. Bg3 Rc5 36. h3 Kb7 37. Kh2 Rd8 38. Qb3 h5 39. Re2 h4 40. Bf2 Qf4+
41. Kh1 Rc1+ 42. Bg1 Rdd1 0-1

[Event "World Blitz Women 2025"]
[Site "Doha QAT"]
[Date "2025.12.29"]
[Round "9.32"]
[White "Savitha, Shri B"]
[Black "Kosteniuk, Alexandra"]
[Result "0-1"]
[WhiteTitle "IM"]
[BlackTitle "GM"]
[WhiteElo "2334"]
[BlackElo "2483"]
[WhiteFideId "35061887"]
[BlackFideId "4128125"]
[EventDate "2025.12.29"]

1. e4 c6 2. d4 d5 3. Nc3 dxe4 4. Nxe4 Nf6 5. Nxf6+ exf6 6. c3 Bd6 7. Bd3 O-O 8.
Qc2 Re8+ 9. Ne2 h5 10. Be3 Nd7 11. O-O-O b5 12. d5 c5 13. Bxb5 a6 14. Bc6 Rb8
15. g4 Qa5 16. Qa4 Qb6 17. Rd2 Rxe3 18. fxe3 Ne5 19. gxh5 c4 20. Nf4 Qxe3 21.
Ng2 Nd3+ 22. Kd1 Bg4+ 0-1

[Event "World Blitz Women 2025"]
[Site "Doha QAT"]
[Date "2025.12.29"]
[Round "9.33"]
[White "Mammadova, Gulnar"]
[Black "Dzagnidze, Nana"]
[Result "1-0"]
[WhiteTitle "IM"]
[BlackTitle "GM"]
[WhiteElo "2330"]
[BlackElo "2469"]
[WhiteFideId "13403508"]
[BlackFideId "13601903"]
[EventDate "2025.12.29"]

1. e4 c5 2. Nf3 d6 3. Bb5+ Bd7 4. c4 Bxb5 5. cxb5 g6 6. d4 Nd7 7. dxc5 Nxc5 8.
Nc3 Bg7 9. O-O Nf6 10. Re1 O-O 11. a4 Rc8 12. Rb1 Ne6 13. Be3 b6 14. h3 Qc7 15.
Rc1 Qb7 16. e5 dxe5 17. Nxe5 Ne4 18. Nc6 Nxc3 19. bxc3 Nd8 20. Nd4 e5 21. Nb3
Rc4 22. a5 Ne6 23. axb6 axb6 24. Qd6 Nf4 25. Bxf4 exf4 26. Nd4 Bxd4 27. cxd4
Rxc1 28. Rxc1 f3 29. Qc6 Qa7 30. Qxf3 Rd8 31. Qf4 Qd7 32. Rc7 Qe6 33. Rc6 Qe1+
34. Kh2 Qb4 35. Rxb6 Qxd4 36. Qxd4 Rxd4 37. Rb8+ Kg7 38. b6 Rb4 39. Kg3 Kf6 40.
Kf3 h5 41. g3 Ke6 42. h4 Kd6 43. Ke3 Rb5 44. Rf8 Ke7 45. Rb8 Kd6 46. Rb7 f6 47.
Rg7 Rxb6 48. Rxg6 Ke6 49. Rh6 Rb5 50. Rh8 Kf7 51. Kf3 Kg7 52. Ra8 Rb2 53. Ra3
Kg6 54. Ke3 Rb1 55. Ra4 Rb2 56. f3 Rg2 57. Kf4 Rg1 58. Ra2 Rf1 59. Rb2 Kg7 60.
Rb3 Kg6 61. Ra3 Kg7 62. Kf5 Rg1 63. Ra7+ Kh6 64. g4 hxg4 65. fxg4 Rf1+ 66. Ke4
Rh1 67. h5 Rg1 68. Kf4 Rf1+ 69. Kg3 Rg1+ 70. Kf3 Rf1+ 71. Kg2 Rb1 72. Rf7 Kg5
73. Rg7+ Kf4 74. h6 Rb8 75. h7 Rh8 76. Kh3 f5 77. g5 Ke5 78. g6 Kf6 79. Rg8 1-0

[Event "World Blitz Women 2025"]
[Site "Doha QAT"]
[Date "2025.12.29"]
[Round "9.34"]
[White "Nguyen Hong Nhung"]
[Black "Khotenashvili, Bella"]
[Result "1-0"]
[WhiteTitle "FM"]
[BlackTitle "GM"]
[WhiteElo "2268"]
[BlackElo "2426"]
[WhiteFideId "12412201"]
[BlackFideId "13602640"]
[EventDate "2025.12.29"]

1. e4 g6 2. d4 Bg7 3. Nc3 c6 4. Be3 d6 5. Qd2 b5 6. f4 Nf6 7. Bd3 Ng4 8. h3 Nxe3
9. Qxe3 Nd7 10. e5 Nb6 11. Nge2 b4 12. Ne4 Nd5 13. Qf2 a5 14. O-O O-O 15. c4
bxc3 16. bxc3 Rb8 17. Rab1 Bf5 18. Qh4 Bxe4 19. Bxe4 Ne3 20. Rfe1 c5 21. Qf2
cxd4 22. cxd4 Nc4 23. Nc3 Qd7 24. Bd5 Nb6 25. e6 Qc8 26. exf7+ Kh8 27. Rbc1 Qd8
28. Be6 Nd7 29. Nd5 Nf6 30. Kh1 Nxd5 31. Bxd5 Rb4 32. Re4 Bf6 33. f5 g5 34. Be6
Qb6 35. Rd1 Rb2 36. Qf3 Qc7 37. Qh5 Qc2 38. Qg4 Rb1 39. Rxb1 Qxb1+ 40. Kh2 Qd3
41. Qf3 Qd2 42. Qb3 Bxd4 43. Qb5 Qc3 44. Qe2 Be5+ 45. Kh1 Rb8 46. Qf1 Kg7 47.
Re1 Qd4 48. Rd1 Qe3 49. Qf3 Qxf3 50. gxf3 h6 51. Rc1 a4 52. Rc7 Bf6 53. Ra7 Rb1+
54. Kg2 Rb8 55. Rxa4 h5 56. Kf2 Be5 57. Ke3 Kf6 58. Rc4 Ra8 59. Rc2 Kg7 60. Ke4
Ra4+ 61. Kd5 Ra8 62. Kc6 Bf6 63. Kd5 Be5 64. Rg2 Kf6 65. Kc6 Bf4 66. Kb7 Rf8 67.
a4 d5 68. a5 d4 69. a6 Rb8+ 70. Kc6 d3 71. Rg1 d2 72. Rd1 Kg7 73. a7 Rd8 74. Kb7 1-0

[Event "World Blitz Women 2025"]
[Site "Doha QAT"]
[Date "2025.12.29"]
[Round "9.35"]
[White "Kulon, Klaudia"]
[Black "Gaal, Zsoka"]
[Result "1-0"]
[WhiteTitle "IM"]
[BlackTitle "IM"]
[WhiteElo "2335"]
[BlackElo "2374"]
[WhiteFideId "1131044"]
[BlackFideId "777765"]
[EventDate "2025.12.29"]

1. c4 e5 2. g3 c6 3. Bg2 d5 4. cxd5 cxd5 5. Nc3 Nf6 6. Qb3 d4 7. Bxb7 Be6 8. Qd1
Nbd7 9. Ne4 Rb8 10. Nxf6+ Nxf6 11. Bc6+ Bd7 12. Bg2 Bc5 13. d3 O-O 14. Nf3 e4
15. dxe4 Nxe4 16. O-O Bb5 17. Bf4 Rc8 18. Ne5 Nd6 19. Rc1 Re8 20. Nd3 Nc4 21. b3
Ba3 22. Rxc4 Bxc4 23. bxc4 Rxc4 24. Ne5 Rc5 25. Nc6 Qb6 26. Qa4 Bb2 27. Nxd4 Rd8
28. Nb3 Be5 29. Nxc5 Bxf4 30. Qxf4 Qxc5 31. h4 h6 32. Rc1 Qa3 33. Qc7 Re8 34.
Qc2 Qa6 35. Bf3 1-0

[Event "World Blitz Women 2025"]
[Site "Doha QAT"]
[Date "2025.12.29"]
[Round "9.36"]
[White "Bayasgalan, Khishigbaatar"]
[Black "Nandhidhaa, P V"]
[Result "1-0"]
[WhiteTitle "WCM"]
[BlackTitle "WGM"]
[WhiteElo "2249"]
[BlackElo "2257"]
[WhiteFideId "4904311"]
[BlackFideId "5050847"]
[EventDate "2025.12.29"]

1. d4 Nf6 2. c4 g6 3. Nf3 Bg7 4. Nc3 d6 5. g3 O-O 6. Bg2 Nbd7 7. O-O e5 8. h3
Re8 9. e4 b6 10. Be3 exd4 11. Nxd4 Bb7 12. Qc2 Nc5 13. f3 d5 14. cxd5 Nxd5 15.
Nxd5 Bxd5 16. Rad1 Qf6 17. b4 Na6 18. a3 Bb7 19. f4 c5 20. e5 Qe7 21. Nc6 Qc7
22. b5 Nb8 23. Qe4 Nxc6 24. bxc6 Ba6 25. Rd7 Qc8 26. Rfd1 Bb5 27. Qd5 Rf8 28.
Re7 Ba4 29. Rd2 Qd8 30. Qxd8 Raxd8 31. Rxd8 Rxd8 32. c7 Rc8 33. Bb7 Kf8 34. Bxc8
Kxe7 35. Bg4 Bd7 36. c8=Q Bxc8 37. Bxc8 f6 38. exf6+ Bxf6 39. a4 Kd6 40. Bb7 c4
41. Kf2 Bb2 42. Ke2 c3 43. Kd3 Kc7 44. Be4 a6 45. Bd4 c2 46. Bxb2 1-0

[Event "World Blitz Women 2025"]
[Site "Doha QAT"]
[Date "2025.12.29"]
[Round "9.37"]
[White "Tarasenka, Aliaksandra"]
[Black "Chen, Yining"]
[Result "1-0"]
[WhiteTitle "WIM"]
[BlackTitle "FM"]
[WhiteElo "2266"]
[BlackElo "2278"]
[WhiteFideId "13514288"]
[BlackFideId "8620946"]
[EventDate "2025.12.29"]

1. e4 e6 2. d4 d5 3. Nc3 Bb4 4. Ne2 dxe4 5. a3 Be7 6. Nxe4 Nf6 7. Nxf6+ Bxf6 8.
Be3 b6 9. Nf4 Bb7 10. Nh5 Nd7 11. Qg4 g6 12. Nxf6+ Qxf6 13. O-O-O h5 14. Qg5
Qxg5 15. Bxg5 f6 16. Be3 Kf7 17. f3 h4 18. h3 Rac8 19. Bc4 Bd5 20. Ba6 Rcd8 21.
Rhe1 g5 22. Bd3 Bb7 23. c3 Rhg8 24. Rd2 f5 25. Bf2 Nf6 26. c4 Rde8 27. Rde2 c6
28. Re5 Bc8 29. Kc2 Bd7 30. Kc3 g4 31. fxg4 fxg4 32. Bxh4 Ref8 33. Rf1 Ke7 34.
Re4 gxh3 35. gxh3 Rh8 36. Ref4 Rxh4 37. Rxh4 Rg8 38. Rhf4 Ne8 39. Rf7+ Kd6 40.
c5+ bxc5 41. dxc5+ Kc7 42. Rh7 Kd8 43. Rff7 Bc8 44. Rxa7 Rg3 45. h4 e5 46. Kd2
Rg2+ 47. Kc1 Rg1+ 48. Kc2 Rg2+ 49. Kb1 Rg4 50. Ra8 1-0

[Event "World Blitz Women 2025"]
[Site "Doha QAT"]
[Date "2025.12.29"]
[Round "9.38"]
[White "Charvi A"]
[Black "Shvedova, Alexandra"]
[Result "1-0"]
[WhiteTitle "WFM"]
[BlackTitle "WIM"]
[WhiteElo "2270"]
[BlackElo "2255"]
[WhiteFideId "25165518"]
[BlackFideId "54154782"]
[EventDate "2025.12.29"]

1. e4 c5 2. Nf3 d6 3. d4 cxd4 4. Nxd4 Nf6 5. Nc3 a6 6. f3 e5 7. Nb3 Be7 8. Be3
Be6 9. Qd2 O-O 10. O-O-O Nbd7 11. g4 b5 12. g5 Nh5 13. Nd5 Bxd5 14. exd5 f6 15.
gxf6 Rxf6 16. Be2 Nf4 17. Kb1 Nb6 18. Bxf4 Rxf4 19. Na5 Bg5 20. Nc6 Qd7 21. Qd3
Raf8 22. Rhg1 h6 23. a3 Nc4 24. Qc3 Nb6 25. Qd3 Nc8 26. Qb3 Ne7 27. Nxe5 dxe5
28. d6+ Kh8 29. dxe7 Qxe7 30. Rd5 Rd4 31. Rd1 Rd8 32. Rxd8+ Qxd8 33. Rxd4 Qxd4
34. Bd3 Qd7 35. Qc3 Bf4 36. Qc5 Kg8 37. Be4 Bxh2 38. Bd5+ Kh7 39. Be4+ g6 40.
Qb6 Qf7 41. Qxa6 Qe8 42. Qb7+ Kh8 43. Qb6 Kg7 44. Qc7+ Kf6 45. Qd6+ Kg5 46. Qd2+
Bf4 47. Qg2+ Kf6 48. Qh3 Qd8 49. Qg4 Bg5 50. Qg1 Qd4 51. Qf1 Qc5 52. Qd3 Bf4 53.
Qd8+ Kf7 54. Qd7+ Kf6 55. Qd8+ Kf7 56. Qd7+ Kf6 57. Qe8 g5 58. Qg6+ Ke7 59. Qh7+
Kd6 60. Qxh6+ Kc7 61. Qg7+ Kd6 62. Qf8+ 1-0

[Event "World Blitz Women 2025"]
[Site "Doha QAT"]
[Date "2025.12.29"]
[Round "9.39"]
[White "Charkhalashvili, Inga"]
[Black "Mamedjarova, Zeinab"]
[Result "1-0"]
[WhiteTitle "WGM"]
[BlackTitle "WGM"]
[WhiteElo "2235"]
[BlackElo "2155"]
[WhiteFideId "13601431"]
[BlackFideId "13401521"]
[EventDate "2025.12.29"]

1. d4 d5 2. c4 dxc4 3. e3 Nf6 4. Bxc4 e6 5. Nc3 a6 6. Nf3 c5 7. O-O b5 8. Be2
Bb7 9. a3 Nc6 10. dxc5 Bxc5 11. b4 Ba7 12. Bb2 O-O 13. Qb3 Rc8 14. Rfd1 Qe7 15.
a4 bxa4 16. Rxa4 Rb8 17. Ba3 Rfc8 18. Bxa6 Bxa6 19. Rxa6 Qb7 20. Qa4 Bb6 21. b5
Na7 22. Bb4 Rc4 23. Qb3 Rg4 24. Ne1 h5 25. h3 Rg6 26. Qc4 Rc8 27. Qe2 h4 28. Nf3
Rd8 29. Rxd8+ Bxd8 30. Nxh4 Rg5 31. Nf3 Rf5 32. Nd4 Rg5 33. f4 Rg6 34. Ra2 Nd5
35. Nxd5 1-0

[Event "World Blitz Women 2025"]
[Site "Doha QAT"]
[Date "2025.12.29"]
[Round "9.40"]
[White "Khamdamova, Afruza"]
[Black "Rudzinska, Michalina"]
[Result "1-0"]
[WhiteTitle "WGM"]
[BlackTitle "WGM"]
[WhiteElo "2403"]
[BlackElo "2206"]
[WhiteFideId "14210444"]
[BlackFideId "1172883"]
[EventDate "2025.12.29"]

1. e4 c5 2. Nf3 d6 3. d4 cxd4 4. Nxd4 Nf6 5. Nc3 a6 6. Be3 e6 7. Be2 Nc6 8. O-O
Be7 9. f4 Bd7 10. a4 O-O 11. Bf3 Nxd4 12. Qxd4 Bc6 13. Rad1 Rc8 14. Kh1 Nd7 15.
Qd2 b5 16. axb5 axb5 17. e5 d5 18. Ne2 b4 19. Nd4 Nb6 20. b3 Bb7 21. f5 exf5 22.
Nxf5 Bc5 23. Bg5 Qd7 24. Bg4 Qc6 25. Bf6 gxf6 26. Qh6 1-0

[Event "World Blitz Women 2025"]
[Site "Doha QAT"]
[Date "2025.12.29"]
[Round "9.41"]
[White "Lesbekova, Assel"]
[Black "Bivol, Alina"]
[Result "1/2-1/2"]
[WhiteTitle "WCM"]
[BlackTitle "IM"]
[WhiteElo "1948"]
[BlackElo "2360"]
[WhiteFideId "13713248"]
[BlackFideId "4100123"]
[EventDate "2025.12.29"]

1. e4 d5 2. exd5 Qxd5 3. Nf3 Bf5 4. Nc3 Qa5 5. d3 e6 6. Be2 Nf6 7. O-O h6 8. Nd4
Bh7 9. Nb3 Qb6 10. Be3 Qd6 11. Bf3 c6 12. Bc5 Qc7 13. Bxf8 Kxf8 14. Ne4 Nbd7 15.
Qd2 a5 16. Rfe1 Bg6 17. Nd4 Kg8 18. Nxf6+ Nxf6 19. Be4 Nxe4 20. dxe4 Kh7 21.
Rad1 Rhd8 22. Qe3 a4 23. a3 Ra5 24. h3 c5 25. Nf3 c4 26. Rxd8 Qxd8 27. Qc3 Qc7
28. Nd2 Rc5 29. Re3 b5 30. Nf3 Rh5 31. Re2 Qf4 32. Qe3 Qb8 33. Rd2 b4 34. axb4
Qxb4 35. Qa3 Rb5 36. Qxb4 Rxb4 37. c3 Rb5 38. Nd4 Rb6 39. f3 f6 40. Kf2 Bf7 41.
Ne2 e5 42. Ke3 Ra6 43. Rd7 Kg8 44. Rd8+ Kh7 45. Rd7 Be6 46. Re7 Bg8 47. Ng3 Be6
48. Nh5 Kh8 49. Nxg7 Bg8 50. Nf5 a3 51. bxa3 Rxa3 52. Nxh6 Rxc3+ 53. Kd2 Rd3+
54. Kc2 Rd8 55. Rc7 Ra8 56. g4 Be6 57. Rc6 Bd7 58. Rxf6 Ra3 59. Rf8+ Kg7 60.
Rf7+ Kxh6 61. Rxd7 Rxf3 62. h4 Rf4 63. Rd6+ Kg7 64. g5 Rxh4 65. Re6 Rxe4 66. Kc3
Kf7 67. Rf6+ Ke7 68. Rc6 Rg4 69. g6 Kd7 70. Ra6 Ke7 71. Rb6 Kf8 72. Re6 Re4 73.
Rc6 Kg7 74. Rb6 Rg4 75. Re6 Re4 76. Rb6 Kh6 77. Re6 Kg7 78. Rb6 Rg4 79. Re6 Re4
80. Rb6 Rd4 81. Re6 Re4 82. Rb6 Rg4 83. Re6 Rxg6 84. Rxe5 Rc6 85. Re4 1/2-1/2

[Event "World Blitz Women 2025"]
[Site "Doha QAT"]
[Date "2025.12.29"]
[Round "9.42"]
[White "Rakshitta, Ravi"]
[Black "Gaboyan, Susanna"]
[Result "1-0"]
[WhiteTitle "WGM"]
[BlackTitle "WIM"]
[WhiteElo "2381"]
[BlackElo "2182"]
[WhiteFideId "25073230"]
[BlackFideId "13303627"]
[EventDate "2025.12.29"]

1. e4 c5 2. Nf3 Nc6 3. d4 cxd4 4. Nxd4 Nf6 5. Nc3 e5 6. Ndb5 d6 7. Nd5 Nxd5 8.
exd5 Nb8 9. Be2 Be7 10. a4 O-O 11. O-O a6 12. Na3 f5 13. Nc4 Nd7 14. a5 b5 15.
axb6 Nxb6 16. Na5 Bg5 17. Nc6 Qf6 18. Bxg5 Qxg5 19. f4 exf4 20. Qd4 Nd7 21. Qxf4
Qf6 22. b4 Ne5 23. c4 Nxc6 24. dxc6 Qb2 25. Bf3 Qxb4 26. Bd5+ Kh8 27. Rae1 a5
28. Re3 a4 29. Rh3 a3 30. Qg5 Qc5+ 31. Kh1 g6 32. Qxg6 Ra7 33. Qg3 a2 34. Qc3+ 1-0

[Event "World Blitz Women 2025"]
[Site "Doha QAT"]
[Date "2025.12.29"]
[Round "9.43"]
[White "Dronavalli, Harika"]
[Black "Jarocka, Liwia"]
[Result "1-0"]
[WhiteTitle "GM"]
[BlackTitle "FM"]
[WhiteElo "2466"]
[BlackElo "2258"]
[WhiteFideId "5015197"]
[BlackFideId "21807558"]
[EventDate "2025.12.29"]

1. Nf3 d5 2. e3 Nf6 3. c4 e6 4. Nc3 Bd6 5. b3 O-O 6. Bb2 Re8 7. Nb5 Be7 8. Be5
Na6 9. Qb1 c6 10. Nc3 h6 11. Be2 Nc5 12. O-O b6 13. Rd1 Bb7 14. Qc2 Rc8 15. h3
Bd6 16. d4 Nce4 17. Bd3 Nxc3 18. Qxc3 Qe7 19. Rac1 Bb4 20. Qc2 c5 21. Qe2 dxc4
22. bxc4 cxd4 23. exd4 Bd6 24. Qe3 Red8 25. Bxd6 Rxd6 26. Ne5 Rcd8 27. Bb1 Ba8
28. f3 Nh7 29. Rd2 Nf8 30. Rcd1 Qh4 31. Qf2 Qe7 32. Qe3 Qh4 33. Qf2 Qe7 34. f4
Nh7 35. Bxh7+ Kxh7 1-0

[Event "World Blitz Women 2025"]
[Site "Doha QAT"]
[Date "2025.12.29"]
[Round "9.44"]
[White "Vantika, Agrawal"]
[Black "Mkrtchyan, Mariam"]
[Result "1/2-1/2"]
[WhiteTitle "IM"]
[BlackTitle "WIM"]
[WhiteElo "2369"]
[BlackElo "2353"]
[WhiteFideId "25050389"]
[BlackFideId "13310828"]
[EventDate "2025.12.29"]

1. d4 d5 2. c4 c6 3. Nf3 Nf6 4. e3 g6 5. Nc3 Bg7 6. Be2 O-O 7. O-O Ne4 8. Qc2
Bf5 9. Bd3 Nxc3 10. bxc3 Bxd3 11. Qxd3 Nd7 12. cxd5 cxd5 13. c4 dxc4 14. Qxc4
Rc8 15. Qb3 Qb6 16. Ba3 Rfe8 17. Rac1 e6 18. Nd2 Bf8 19. Bxf8 Rxf8 20. Ne4 Qa6
21. h4 h5 22. a4 Kg7 23. Qb4 Rc6 24. Qb2 Kg8 25. Rxc6 Qxc6 26. Ng5 Rc8 27. a5 b5
28. axb6 axb6 29. Ra1 b5 30. Qb4 Qc3 31. Qxc3 Rxc3 32. Ra8+ Nf8 33. Ra7 f5 34.
Rb7 Rb3 35. Nf7 b4 36. Ne5 Rb1+ 37. Kh2 b3 38. Kg3 Rb2 39. Nc4 Rb1 40. Nd2 Rb2
41. Nxb3 Nh7 42. Nc5 Rxb7 43. Nxb7 Nf6 44. Kf4 Kf7 45. Nc5 Ng4 46. f3 Nf6 47. e4
fxe4 48. fxe4 Ng4 49. Nd3 Kf6 50. Nc5 Nf2 51. Nd7+ Ke7 52. Ne5 Kf6 53. Kf3 Nd1
54. Kf4 Nf2 55. Nd7+ Ke7 56. Nc5 Kf6 57. Kf3 Nd1 58. Nd3 Nc3 59. Nb4 Nb5 60. d5
exd5 61. exd5 Ke5 62. g4 Nd4+ 63. Kf2 1/2-1/2

[Event "World Blitz Women 2025"]
[Site "Doha QAT"]
[Date "2025.12.29"]
[Round "9.45"]
[White "Zhapova, Yana"]
[Black "Mkrtchian, Lilit"]
[Result "1/2-1/2"]
[WhiteTitle "FM"]
[BlackTitle "IM"]
[WhiteElo "2260"]
[BlackElo "2366"]
[WhiteFideId "24278670"]
[BlackFideId "13300601"]
[EventDate "2025.12.29"]

1. e4 e6 2. d4 d5 3. e5 c5 4. c3 Nc6 5. Nf3 Qb6 6. a3 Bd7 7. b4 cxd4 8. cxd4 Rc8
9. Nc3 Nxb4 10. Bd2 Nc6 11. Rb1 Qc7 12. Bd3 a6 13. Qb3 Na5 14. Qa2 Ne7 15. O-O
Ng6 16. Rfc1 Nc6 17. Na4 Be7 18. Nb6 Rd8 19. a4 O-O 20. a5 Bc8 21. Qa4 Bd7 22.
Rc2 f6 23. exf6 Bxf6 24. Nxd7 Qxd7 25. Bxg6 hxg6 26. Qa1 Rc8 27. Be3 Qe7 28.
Rcb2 Rc7 29. Rb3 Rfc8 30. h3 Rd7 31. Qb2 Nd8 32. Rb6 Rdc7 33. Bf4 Rc2 34. Qb3 g5
35. Be5 Qd7 36. Qe3 Qe7 37. Kh2 R8c3 38. Qe1 Rc6 39. R6b3 Qd7 40. Qe3 Qe7 41.
Qe1 Qd7 42. Qe3 Qe7 43. Qe1 1/2-1/2